000 00690nam a2200193Ia 4500
008 0000001991 ck a 0000000000spa00
090 _aPSP00 P15v
100 1 _aPancorbo, Alberto
_d1956
245 1 0 _aVilla D ́Arte
_b: Alberto Pancorbo
300 _a[12] p.
_c/ 28 cm.
500 _aCon el patronazgo del maestro venezolano Jesús Rafael Soto (q.e.p.d.) \ Registro auspiciado por el IDCT. Bogotá
600 0 0 _aPANCORBO, ALBERTO, 1956/
_xTRABAJOS PICTORICOS
650 1 4 _aARTE CONTEMPORANEO ESPAÑOL
650 1 4 _xCATALOGOS
650 1 4 _xEXPOSICIONES
650 1 4 _aPINTORES ESPAÑOLES
650 1 4 _aPINTURA ESPAÑOLA
999 _c4055
_d4055
260 _aBogotá : Litografía Arco
_c1991